000 00427nam a2200145 a 4500
001 000036580
005 20200930075817.0
008 120120s1995 xx 000 0 spa d
040 _aDO-SdBNP
_bspa
_cBNPHU
082 _axxx
_bxxx
245 0 0 _aClaris Works :
_bmanual del usuario /.
246 1 4 _aClaris :
_bpara Macintosh
260 _aCalifornia :
_bCraris Corporation,
_c1995.
300 _a1v. (varias paginanaciones) ;
_c23 cm.
999 _c36071
_d36071